Utilisateurs de fruit du démon de type Logia - Statistiques

Statistiques générales
  • Ce quiz a été pris 2 170 fois
  • Le résultat moyen est 9 sur 12
Statistiques - réponses
Utilisateur Nom romanisé du Fruit Nom français du Fruit % Correct
Portgas D. Ace Mera Mera no Mi Pyro-Fruit
99%
Crocodile Suna Suna no Mi Fruit des Sables
93%
Marshall D. Teach (Barbe Noire) Yami Yami no Mi Fruit des Ténèbres
89%
Smoker Moku Moku no Mi Fruit Fumigène
89%
Akainu Magu Magu no Mi Fruit du Magma
86%
Sabo Mera Mera no Mi Pyro-Fruit
83%
Aokiji Hie Hie no Mi Givro-Fruit
79%
Kizaru Pika Pika no Mi Fruit du Flash/Fruit Luminescent
78%
César Clown Gasu Gasu no Mi Fruit du Gaz
68%
Ener Goro Goro no Mi Fulguro-Fruit
62%
Monet Yuki Yuki no Mi Fruit du Flocon
45%
Caribou Numa Numa no Mi Fruit du Marais
42%
Aucun quiz correspondant
Distribution des résultats
% des personnes avec chaque résultat
Percentile par nombre de réponses
Votre historique - résultats
Vous n’avez pas pris ce quiz